Financial Management:Theory and Practice (Record no. 1156270)

MARC details
000 -LEADER
fixed length control field 00536nam a2200229Ia 4500
003 - CONTROL NUMBER IDENTIFIER
control field OSt
005 - DATE AND TIME OF LATEST TRANSACTION
control field 20240712161334.0
008 - FIXED-LENGTH DATA ELEMENTS--GENERAL INFORMATION
fixed length control field 240429s2017 xx 000 0 und d
020 ## - INTERNATIONAL STANDARD BOOK NUMBER
International Standard Book Number 9391566111
040 ## - CATALOGING SOURCE
Transcribing agency
041 ## - LANGUAGE CODE
Language code of text/sound track or separate title eng
082 ## - DEWEY DECIMAL CLASSIFICATION NUMBER
Classification number 658.06
082 ## - DEWEY DECIMAL CLASSIFICATION NUMBER
Item number BRI
100 ## - MAIN ENTRY--PERSONAL NAME
Personal name Brigham E F ; Ehrhardt M C
245 ## - TITLE STATEMENT
Title Financial Management:Theory and Practice
250 ## - EDITION STATEMENT
Edition statement 15th
260 ## - PUBLICATION, DISTRIBUTION, ETC.
Place of publication, distribution, etc. New Delhi
Name of publisher, distributor, etc. Cengage
Date of publication, distribution, etc. 2017
300 ## - PHYSICAL DESCRIPTION
Extent 1153p
365 ## - TRADE PRICE
Price amount 1099
Currency code Rs.
650 ## - SUBJECT ADDED ENTRY--TOPICAL TERM
Topical term or geographic name entry element Financial Management
942 ## - ADDED ENTRY ELEMENTS (KOHA)
Source of classification or shelving scheme Dewey Decimal Classification
Koha item type Book
Holdings
Withdrawn status Lost status Damaged status Not for loan Home library Current library Date acquired Cost, normal purchase price Total Checkouts Full call number Barcode Date due Date last seen Date last checked out Cost, replacement price Price effective from Koha item type
        Institute of Management & Rural Development Administration, Sangli Institute of Management & Rural Development Administration, Sangli 31/03/2023 1099.00 1 658.05 BRI RDS-12486 04/06/2026 04/06/2026 04/06/2026 1099.00 02/05/2024 Book